A short history of number theory
Αποθηκεύτηκε σε:
| Κύριος συγγραφέας: | |
|---|---|
| Μορφή: | Βιβλίο |
| Γλώσσα: | English |
| Δημοσίευση: |
Aachen :
Shaker Verlag,
2005
|
| Σειρά: | Berichte aus der Mathematik
|
| Θέματα: | |
| Ετικέτες: |
Προσθήκη ετικέτας
Δεν υπάρχουν, Καταχωρήστε ετικέτα πρώτοι!
|
MARC
| LEADER | 00000cam a2200000 i 4500 | ||
|---|---|---|---|
| 001 | 1/21382 | ||
| 008 | 060110s2005 eng d | ||
| 020 | |a 3-8322-4496-4 | ||
| 035 | |l 10081865 | ||
| 040 | |a GR-MY-UA |b gre |e aacr | ||
| 041 | 0 | |a eng | |
| 082 | 0 | |a 512.7 |2 (22) | |
| 100 | 1 | |a Kraeft, Uwe. | |
| 245 | 1 | 2 | |a A short history of number theory / |c Uwe Kraeft |
| 260 | |a Aachen : |b Shaker Verlag, |c 2005 | ||
| 300 | |a 110 σ.; |b σχ.; |c 21 εκ. | ||
| 490 | 1 | |a Berichte aus der mathematik | |
| 650 | 0 | 0 | |a Number theory. |
| 830 | 0 | |a Berichte aus der Mathematik | |
| 852 | |a INST |b SAMOS |e 20060110 |h 512.7 KRA |p 005300024685 |q 005300024685 |t BK |y 0 | ||
| 901 | |a BIBL3-2006-1 | ||
| 909 | |a Σ |b 124674 | ||
| 970 | |a ΚΟΣΙΕΡΗΣ |b ΧΡΗΣΤΟΣ |z 2006/01/10 | ||